| 000 | 01504nab a22002897a 4500 | ||
|---|---|---|---|
| 999 |
_c5273 _d5273 |
||
| 003 | OSt | ||
| 005 | 20250211130953.0 | ||
| 008 | 190429b xxu||||| |||| 00| 0 spa d | ||
| 040 | _cPJ | ||
| 100 |
_aGuillardoy, Javier Nicolás _96328 |
||
| 245 | 1 | 0 |
_aInteligencia artificial y seguridad. Análisis de las reglamentaciones 428-2024 y 710-2024 del Ministerio de Seguridad de la Nación / _cJavier Nicolás Guillardoy. |
| 260 |
_cCiudad Autónoma de Buenos Aires : _aThomson Reuters La Ley, _b2025. |
||
| 300 | _ap. 141-161 | ||
| 500 | _aCita: AR/DOC/68/2025. | ||
| 505 | _aSumario: I. Introducción.— II. Ciber patrullaje. Nuevos límites.— III. La Unidad de Inteligencia Artificial aplicada a la Seguridad (UIAAS) y sus funciones.— IV. Posibles derechos afectados.— V. El valor de los datos y la privacidad.— VI. Conclusión final.— VII. Bibliografía. | ||
| 505 | _tSi te interesa el texto completo, solicitalo a koha@justierradelfuego.gov.ar | ||
| 650 | 0 |
_9343 _aDERECHO PENAL |
|
| 650 | 0 |
_9278 _aDELITOS INFORMATICOS |
|
| 650 | 0 |
_95817 _aINTELIGENCIA ARTIFICIAL |
|
| 650 | 0 |
_94026 _aFUERZAS DE SEGURIDAD |
|
| 650 | 0 |
_92724 _aDERECHO A LA INTIMIDAD |
|
| 650 | 0 |
_95557 _aDERECHO A LA IMAGEN |
|
| 650 | 0 |
_94480 _aPREVENCIÓN DEL DELITO |
|
| 650 | 0 |
_95529 _aACCESO A LA INFORMACIÓN PÚBLICA |
|
| 773 | 0 |
_02658 _93164 _tRevista de derecho penal y criminología. Nº 1 - Febrero 2025 _dCiudad Autónoma de Buenos Aires : Thomson Reuters La Ley, 2017- _x00347914 |
|
| 942 |
_2udc _cANA |
||